|
|
|
|
| LEADER |
00000nab a2200000 a 4500 |
| 001 |
vtls010069214 |
| 003 |
SK-MaSNL |
| 005 |
20260303050801.0 |
| 008 |
100225c20100224xo drz 0 0slo |
| 038 |
|
|
|a KEVKJB
|
| 040 |
|
|
|a KEVKJB
|b slo
|c KEVKJB
|e AACR2
|
| 041 |
0 |
|
|a slo
|
| 044 |
|
|
|a xo
|c SK
|
| 080 |
|
|
|a 06.068
|2 2001
|
| 245 |
0 |
0 |
|a Laureátov včera schválili poslanci
|b ceny mesta
|c [autor] (jog)
|
| 300 |
|
|
|b Fotogr.
|
| 611 |
2 |
7 |
|a Deň mesta Košice
|n (16. :
|d 2010 :
|c Košice, Slovensko)
|2 kevkjb
|9 1039427
|
| 648 |
|
7 |
|a 2010
|2 kevkjb
|9 324355
|
| 650 |
0 |
7 |
|a Cena mesta Košice (ocenenie)
|y 2010
|2 kevkjb
|9 132207
|
| 651 |
|
7 |
|a Košice (Slovensko)
|2 kevkjb
|9 18694
|
| 773 |
0 |
|
|t Košický Korzár
|g Roč. XIII, č. 45 (24.2.2010), s. 1
|x 1335-4566
|
| 852 |
|
|
|a KEVKJB
|b KIS3GCP
|
| 999 |
|
|
|c 1708922
|d 1710852
|